| 000 | 00440nam a2200181Ia 4500 | ||
|---|---|---|---|
| 008 | 210210b1962 xxu||||| |||| 00| 0 eng d | ||
| 041 | _aeng | ||
| 082 | _a330/73 | ||
| 100 | _aCHAMBERLAIN (E H) | ||
| 245 | _aTheory of monopolistic competition | ||
| 260 |
_aLondon _bOxford University Press _c1962 |
||
| 650 | _aTheory | ||
| 650 | _aof | ||
| 650 | _amonopolistic | ||
| 650 | _acompetition | ||
| 690 | _aEconomics | ||
| 906 | _a003476 | ||
| 999 |
_c118714 _d118714 |
||